All Terraria Spell books - Statistics

General Stats
  • This quiz has been taken 41 times
  • The average score is 7 of 9
Answer Stats
Hint Answer % Correct
HM Golden Shower
94%
Water Bolt
94%
HM Crystal Storm
81%
HM Cursed Flames
81%
Demon Scythe
77%
HM Razorblade Typhoon
77%
Book of Skulls
74%
HM Lunar Flare
68%
HM Magnet Sphere
52%
No matching quizzes found
Score Distribution
Percent of People with Each Score
Percentile by Number Answered
Your Score History
You have not taken this quiz